Statistiques concernant Titres de films français - ANTONYMES

Cliquez ici pour prendre le quiz!

Statistiques générales

  • Ce quiz a été pris 783 fois
    (773 depuis la dernière actualisation)
  • Le résultat moyen est 17 sur 38

Statistiques - réponses

AntonymeTitre du film% Correct
L'amourLa haine
87%
Les parents de l'enferLes enfants du paradis
79%
Bonjour les parentsAu revoir les enfants
78%
La nuit tombeLe jour se lève
74%
Et le diable détruisit l'hommeEt Dieu créa la femme
66%
Un cowboy hors de la campagneUn indien dans la ville
65%
La paix des fermetures éclairLa guerre des boutons
64%
Ma mort en bleuMa vie en rose
64%
Le petit brun sans une pantoufle blancheLe grand blond avec une chaussure noire
63%
Laid de nuitBelle de jour
62%
Les pâlots ne font pas de planche à voileLes bronzés font du ski
61%
Un poumon en étéUn coeur en hiver
60%
Le petit barLe grand restaurant
59%
La petite courseLa grande vadrouille
58%
La maisonnette de ton pèreLe château de ma mère
56%
Le premier busLe dernier métro
54%
2 femmes et une chaise roulante3 hommes et un couffin
47%
Le carré vertLe cercle rouge
47%
Cours au soleilMarche à l'ombre
46%
De fer et de peauDe rouille et d'os
42%
Ta tante d'AsieMon oncle d'Amérique
40%
Le jour russeLa nuit américaine
39%
La petite autorouteLe grand chemin
39%
L'épouse du barbierLe mari de la coiffeuse
39%
Les angéliquesLes diaboliques
39%
La patinoireLa piscine
34%
Os de chevalPeau d'âne
32%
101 dollars99 francs
29%
La petite réalitéLa grande illusion
29%
Le trompétisteLa pianiste
26%
Gravier vénéréGazon maudit
24%
Le loupLa chèvre
24%
Le tour de MarseilleLa traversée de Paris
18%
L'admirationLe mépris
17%
Le palace suédoisL'auberge espagnole
16%
Ma journée chez HaroldMa nuit chez Maud
14%
L'impôt de l'espoirLe salaire de la peur
11%
Paul à la montagnePauline à la plage
11%

Distribution des résultats

Percentile par nombre de réponses

% des personnes avec chaque résultat

Votre développement - résultats

Vous n’avez pas pris ce quiz depuis la dernière actualisation